书目信息 |
| 题名: |
系统自然观释义的城市公共园林
|
|
| 作者: | 崔柳 著 | |
| 分册: | ||
| 出版信息: | 北京 中国建筑工业出版社 2016.12 |
|
| 页数: | 158页 | |
| 开本: | 24cm | |
| 丛书名: | ||
| 单 册: | ||
| 中图分类: | TU986.2 | |
| 科图分类: | ||
| 主题词: | 城市--园林设计 | |
| 电子资源: | ||
| ISBN: | 978-7-112-19729-3 | |
| 000 | 01052nam0 2200241 450 | |
| 001 | 0100004084 | |
| 005 | 20190306144457.09 | |
| 010 | @a978-7-112-19729-3@dCNY38.00 | |
| 100 | @a20170309d2016 em y0chiy50 ea | |
| 101 | 0 | @achi |
| 102 | @aCN@b110000 | |
| 105 | @aa z 000yy | |
| 200 | 1 | @a系统自然观释义的城市公共园林@Axi tong zi ran guan shi yi de cheng shi gong gong yuan lin@dUrban landscape inspired by systematic view of nature@f崔柳著@zeng |
| 210 | @a北京@c中国建筑工业出版社@d2016.12 | |
| 215 | @a158页@c图@d24cm | |
| 300 | @a北京高等学校“青年英才计划”(YETP0744) 中央高校基本科研业务费专项资金(YX2015-17) | |
| 330 | @a本书共分为八章,其主要内容包括:自然的学科释义;自然哲学中的“自然”属性;园林是自然观表达的一种媒介;城市公共园林的设计自然观流变;城市公共园林设计的外部语汇:城市景观结构的整体化等。 | |
| 510 | 1 | @aUrban landscape inspired by systematic view of nature@zeng |
| 606 | 0 | @a城市@x园林设计 |
| 690 | @aTU986.2@v5 | |
| 701 | 0 | @a崔柳@Acui liu@4著 |
| 801 | 0 | @aCN@c20171024 |
| 905 | @a河南城建学院图书馆@dTU986.2@eC971 | |
| 系统自然观释义的城市公共园林=Urban landscape inspired by systematic view of nature/崔柳著.-北京:中国建筑工业出版社,2016.12 |
| 158页:图;24cm |
| 北京高等学校“青年英才计划”(YETP0744) 中央高校基本科研业务费专项资金(YX2015-17) |
| ISBN 978-7-112-19729-3:CNY38.00 |
| 本书共分为八章,其主要内容包括:自然的学科释义;自然哲学中的“自然”属性;园林是自然观表达的一种媒介;城市公共园林的设计自然观流变;城市公共园林设计的外部语汇:城市景观结构的整体化等。 |
| ● |
| 相关链接 |
|
|
|
正题名:系统自然观释义的城市公共园林
索取号:TU986.2/C971
 
预约/预借
| 序号 | 登录号 | 条形码 | 馆藏地/架位号 | 状态 | 备注 |
| 1 | 1305957 | 213059571 | 建筑库201/201建筑库 67排5列4层/ [索取号:TU986.2/C971] | 在馆 | |
| 2 | 1338600 | 213386003 | 建筑库201/201建筑库 67排5列4层/ [索取号:TU986.2/C971] | 在馆 | |
| 3 | 1338601 | 213386012 | 建筑库201/201建筑库 67排5列4层/ [索取号:TU986.2/C971] | 在馆 |